Statistics for 2022 FIFA World Cup Group A - Netherlands - Qatar

Click here to take the quiz!

General Stats

  • This quiz has been taken 61 times
  • The average score is 16 of 34

Answer Stats

Player% Correct
Virgil van Dijk
100%
Cody Gakpo ¹
98%
Frenkie de Jong ¹
95%
Denzel Dumfries
93%
Daley Blind
90%
Memphis Depay
90%
Nathan Aké
88%
Louis van Gaal
76%
Andries Noppert
74%
Jurriën Timber
74%
Davy Klaassen
69%
Marten de Roon
67%
Steven Berghuis
64%
Wout Weghorst
64%
Almoez Ali
57%
Teun Koopmeiners
55%
Akram Afif
52%
Vincent Janssen
43%
Ró-Ró
31%
Mohammed Muntari
29%
Homam Ahmed
26%
Félix Sánchez
24%
Kenneth Taylor
24%
Boualem Khoukhi
21%
Ismaeel Mohammad
19%
Abdelkarim Hassan
17%
Abdulaziz Hatem
17%
Hassan Al-Haydos
17%
Assim Madibo
14%
Karim Boudiaf
14%
Meshaal Barsham
14%
Ali Assadalla
12%
Ahmed Alaaeldin
10%
Musab Kheder
10%

Score Distribution

Percentile by Number Answered

Percent of People with Each Score

Your Score History

You have not taken this quiz